| 000 | 00696nam a22002417a 4500 | ||
|---|---|---|---|
| 003 | OSt | ||
| 005 | 20220924113711.0 | ||
| 006 | a|||||r|||| 00| 0 | ||
| 007 | ta | ||
| 008 | Pun | ||
| 024 | _a12030 | ||
| 037 | _cGeneral Books | ||
| 040 |
_aARTS _cARTS _bPun |
||
| 041 |
_2Pun _aPun |
||
| 082 | _aO153,3:gN3, K9 | ||
| 100 |
_aਸਿੰਘ, ਸੁਰਿੰਦਰ ਪਾਲ _9170417 |
||
| 245 | 0 |
_aਪੰਜਾਬੀ ਕਹਾਣੀ _b ਨਵੇ੍ਵ ਪ੍ਰਯੋਗ |
|
| 260 | _c1969 | ||
| 300 | _ap. | ||
| 650 | _aਪੰਜਾਬੀ ਸਾਹਿਤ | ||
| 942 |
_hO153,3:gN3, K9 _cGB _2CC |
||
| 999 |
_c390511 _d390511 |
||